World society and the Middle East : (Record no. 12428)
[ view plain ]
| 000 -LEADER | |
|---|---|
| fixed length control field | 03696cam a2200361 a 4500 |
| 001 - CONTROL NUMBER | |
| control field | 15250772 |
| 005 - DATE AND TIME OF LATEST TRANSACTION | |
| control field | 20081219100752.0 |
| 008 - FIXED-LENGTH DATA ELEMENTS--GENERAL INFORMATION | |
| fixed length control field | 080407s2008 enk b 001 0 eng |
| 010 ## - LIBRARY OF CONGRESS CONTROL NUMBER | |
| LC control number | 2008015914 |
| 020 ## - INTERNATIONAL STANDARD BOOK NUMBER | |
| International Standard Book Number | 140399577X (alk. paper) |
| 020 ## - INTERNATIONAL STANDARD BOOK NUMBER | |
| International Standard Book Number | 9781403995773 (alk. paper) |
| 035 ## - SYSTEM CONTROL NUMBER | |
| System control number | (OCoLC)222250628 |
| 035 ## - SYSTEM CONTROL NUMBER | |
| System control number | (OCoLC)ocn222250628 |
| 040 ## - CATALOGING SOURCE | |
| Original cataloging agency | DLC |
| Transcribing agency | DLC |
| Modifying agency | YDXCP |
| -- | BTCTA |
| -- | BAKER |
| -- | BWKUK |
| -- | BWK |
| -- | BWX |
| -- | CDX |
| -- | DLC |
| 043 ## - GEOGRAPHIC AREA CODE | |
| Geographic area code | aw----- |
| 050 00 - LIBRARY OF CONGRESS CALL NUMBER | |
| Classification number | JQ1758.A58 |
| Item number | S74 2008 |
| 082 00 - DEWEY DECIMAL CLASSIFICATION NUMBER | |
| Classification number | 320.956 |
| Edition number | 22 |
| Item number | STE |
| 100 1# - MAIN ENTRY--PERSONAL NAME | |
| Personal name | Stetter, Stephan, |
| Dates associated with a name | 1972- |
| 9 (RLIN) | 8147 |
| 245 10 - TITLE STATEMENT | |
| Title | World society and the Middle East : |
| Remainder of title | Reconstructions in regional politics / |
| Statement of responsibility, etc | Stephan Stetter. |
| 260 ## - PUBLICATION, DISTRIBUTION, ETC. (IMPRINT) | |
| Place of publication, distribution, etc | Basingstoke [England] : |
| Name of publisher, distributor, etc | Palgrave Macmillan, |
| Date of publication, distribution, etc | c2008. |
| 300 ## - PHYSICAL DESCRIPTION | |
| Extent | x, 239 p. ; |
| Dimensions | 23 cm. |
| 490 0# - Series Statement | |
| Series statement | Rethinking peace and conflict studies |
| 504 ## - BIBLIOGRAPHY, ETC. NOTE | |
| Bibliography, etc | Includes bibliographical references and index. |
| 505 0# - FORMATTED CONTENTS NOTE | |
| Formatted contents note | Introduction : globalization, world society and the study of the Middle East in international relations -- World society and the Middle East : introductory remarks -- Addressing globalization and the Middle East -- Theories of globalization and world society -- A world society perspective on the Middle East -- Outline of the book -- Regionalization and debordering : the Middle East between global interconnectivity and functional differentiation -- Relocating the Middle East -- Debordering the Middle East -- Bordering Palestine -- Jerusalem as a world city -- Rebordering the Middle East -- The creeping antagonization of Middle East politics -- Power and contestations : crossings the lines between power and powerlessness in the Middle East -- Mystifications of power in the Middle East -- Readdressing cycles of power and powerlessness -- Frozen crossings : the naked visibility of power in Middle East politics -- The inflationary symbolization of power in the Middle East -- The centrality of violence in the Middle East reconsidered -- Hot contestations : paradoxes of power and powerlessness -- Inclusion and exclusion : fragile strategies of deparadoxification in the Middle East -- Inclusion and exclusion in Middle East politics -- Inclusion/exclusion and the creeping antagonization of Middle East politics -- Another Middle East mosaic : extended frozen crossings and chain exclusions -- Re-reading the 'crisis' of education in the Middle East -- Women, men and the Middle East -- World society and the polycontextuality of inclusion/exclusion -- Rethinking conflicts and peace in the Middle East -- Identities and conflicts : the 'deep perturbation' of Middle East politics -- Constructions and all that : identities and conflicts in the Middle East -- Antagonized identities, 'deep perturbations' and conflict systems -- Revisiting identities and conflicts in Middle East politics -- The institutionalization of antagonisms in Middle East politics -- Identity as the ideological battleground of Middle East conflicts -- World society and Middle East conflicts -- Beyond Orientalization and civilization : concluding remarks -- Whither peace in the Middle East? |
| 650 #0 - SUBJECT ADDED ENTRY--TOPICAL TERM | |
| Topical term or geographic name as entry element | Interregionalism |
| Geographic subdivision | Middle East. |
| 9 (RLIN) | 8148 |
| 650 #0 - SUBJECT ADDED ENTRY--TOPICAL TERM | |
| Topical term or geographic name as entry element | Group identity |
| Geographic subdivision | Middle East. |
| 9 (RLIN) | 8149 |
| 650 #0 - SUBJECT ADDED ENTRY--TOPICAL TERM | |
| Topical term or geographic name as entry element | Politics and war |
| Geographic subdivision | Middle East. |
| 9 (RLIN) | 8150 |
| 650 #0 - SUBJECT ADDED ENTRY--TOPICAL TERM | |
| Topical term or geographic name as entry element | Globalization |
| Geographic subdivision | Middle East. |
| 9 (RLIN) | 8151 |
| 651 #0 - SUBJECT ADDED ENTRY--GEOGRAPHIC NAME | |
| Geographic name | Middle East |
| General subdivision | Politics and government. |
| 9 (RLIN) | 8152 |
| 942 ## - ADDED ENTRY ELEMENTS (KOHA) | |
| Source of classification or shelving scheme | Dewey Decimal Classification |
| Item type | Book - Borrowing |
| Withdrawn status | Item status | Source of classification or shelving scheme | Damaged status | Not for loan | Vendor | Home library | Current library | Shelving location | Date acquired | Source of acquisition | Cost, normal purchase price | Serial Enumeration / chronology | Total Checkouts | Total Renewals | Full call number | Barcode | Date last seen | Date last borrowed | Koha item type |
|---|---|---|---|---|---|---|---|---|---|---|---|---|---|---|---|---|---|---|---|
| Dewey Decimal Classification | Baccah | Central Library | Central Library | First floor | 27/07/2009 | 375.00 | 8324 | 2 | 1 | 320.956 STE | 000017586 | 15/07/2025 | 03/03/2019 | Book - Borrowing |